UM Logo

Effective field trips in nature : (Record no. 20853)

MARC details
000 -LEADER
fixed length control field 00932nam a22002417a 4500
003 - CONTROL NUMBER IDENTIFIER
control field OSt
005 - DATE AND TIME OF LATEST TRANSACTION
control field 20250412145000.0
008 - FIXED-LENGTH DATA ELEMENTS--GENERAL INFORMATION
fixed length control field 240822b ||||| |||| 00| 0 eng d
040 ## - CATALOGING SOURCE
Transcribing agency 0
082 ## - DEWEY DECIMAL CLASSIFICATION NUMBER
Classification number DPer 570 J826 2021 v. 53 n. 1-5.
100 ## - MAIN ENTRY--PERSONAL NAME
Personal name Pauw, Jelle Boeve-de.
Relator term author.
9 (RLIN) 58899
245 ## - TITLE STATEMENT
Title Effective field trips in nature :
Remainder of title the interplay between novelty and learning /
Statement of responsibility, etc. Jelle Boeve-de, Jan Van Hoof, and Van Petegem.
260 ## - PUBLICATION, DISTRIBUTION, ETC. (IMPRINT)
Place of publication, distribution, etc. United kingdom ;
Name of publisher, distributor, etc. Taylor & Francis Group,
Date of publication, distribution, etc. February 2019.
300 ## - PHYSICAL DESCRIPTION
Extent volume 53, pages 21-33.
500 ## - GENERAL NOTE
General note Journal of Biological Education, v. 53 n. 1, pages 21-33, February 2019.
650 #0 - SUBJECT ADDED ENTRY--TOPICAL TERM
Topical term or geographic name as entry element Field Trips.
9 (RLIN) 66394
650 #0 - SUBJECT ADDED ENTRY--TOPICAL TERM
Topical term or geographic name as entry element Environmental Education.
9 (RLIN) 66395
650 #0 - SUBJECT ADDED ENTRY--TOPICAL TERM
Topical term or geographic name as entry element Novelty (Stimulus Dimension).
9 (RLIN) 66396
700 ## - ADDED ENTRY--PERSONAL NAME
Personal name Pauw, Jelle Boeve-de.
Relator term author.
9 (RLIN) 58899
700 ## - ADDED ENTRY--PERSONAL NAME
Personal name Hoof, Jan Van.
Relator term author.
9 (RLIN) 58900
700 ## - ADDED ENTRY--PERSONAL NAME
Personal name Petegem, Van.
Relator term author.
9 (RLIN) 58901
942 ## - ADDED ENTRY ELEMENTS (KOHA)
Source of classification or shelving scheme Dewey Decimal Classification
Koha item type Periodicals
Holdings
Withdrawn status Lost status Source of classification or shelving scheme Damaged status Not for loan Collection code Home library Current library Date acquired Total Checkouts Full call number Date last seen Price effective from Koha item type Public note
    Dewey Decimal Classification     Periodicals UM Digos College - LIC UM Digos College - LIC 08/22/2024   DPer 570J826 2021 v53,no 1-5. 08/22/2024 08/22/2024 Periodicals Periodical Article